000
00297nam a2200121Ia 4500
005
20251222154433.0
008
251222s9999||||xx |||||||||||||| ||spa||
020
_a
978-950-769-161-4
082
_a
220.5/S64
245
0
_a
Santa Biblia: Nueva Reina - Valera 2000
250
_a
19a.ed.
942
_c
LIB
999
_c
36494
_d
36494